000 00601nam a22001937a 4500
003 KOHA_MİRAKIL
005 20251218105449.0
008 251218b tu ||||| |||| 00| 0 tur d
020 _a9786258352610
040 _aTR-AnABB
_btur
_cTR-AnABB
041 _atur
082 _a930.9561
_bCUM 2023
100 1 _aÜrer, Harun,
245 1 0 _aCumhuriyetin birinci yüzyılında Anadolu'da Türk Dönemi Arkeoloji çalışmaları /
_cProf. Dr. Harun Ürer
260 _aAnkara :
_bTürkiye Bilimler Akademisi,
_c2023
300 _a696 sayfa ;
_c28 cm
650 0 4 _aArkeoleji
942 _2ddc
_cBK
999 _c9765
_d9765
900 _bGizem YORULMAZ